Migraciones exteriores / (Record no. 60350)

MARC details
000 -LEADER
campo de control de longitud fija 00502nam a2200181 i 4500
001 - NÚMERO DE CONTROL
campo de control 60350
003 - IDENTIFICADOR DE NÚMERO DE CONTROL
campo de control ES-MaACL
007 - CAMPO FIJO DE DESCRIPCIÓN FÍSICA--INFORMACIÓN GENERAL
campo de control de longitud fija t|
008 - DATOS DE LONGITUD FIJA--INFORMACIÓN GENERAL
campo de control de longitud fija 031104s1982 sp ||||1| spa d
100 1# - ENTRADA PRINCIPAL--NOMBRE DE PERSONA
Nombre de persona Espiago, Javier.
9 (RLIN) 47820
245 10 - MENCIÓN DEL TÍTULO
Título Migraciones exteriores /
Mención de responsabilidad, etc. Javier Espiago.
260 ## - PUBLICACIÓN, DISTRIBUCIÓN, ETC.
Lugar de publicación, distribución, etc. [Barcelona] :
Nombre del editor, distribuidor, etc. Salvat,
Fecha de publicación, distribución, etc. [1982]
300 ## - DESCRIPCIÓN FÍSICA
Extensión 64 p. :
Otras características físicas il. ;
Dimensiones 19 cm.
490 1# - MENCIÓN DE SERIE
Mención de serie Temas clave ;
Designación de volumen o secuencia 86
830 0# - PUNTO DE ACCESO ADICIONAL DE SERIE-TÍTULO UNIFORME
Título uniforme Temas clave ;
Designación de volumen o secuencia 86
9 (RLIN) 184395
852 ## - LOCALIZACIÓN
Ubicación ES-MaACL
Número de control de estantería L-3748
Sublocalización o colección R.104682
Holdings
Estatus retirado Estado de pérdida Estado de daño No para préstamo Biblioteca de origen Biblioteca actual Ubicación en estantería Fecha de adquisición Fuente de adquisición Total de préstamos Signatura topográfica completa Código de barras Visto por última vez Precio de reemplazo Tipo de ítem Koha
        Biblioteca del Ateneo de Madrid Biblioteca del Ateneo de Madrid Depósito 2 17/01/2008     L-3748 1063299 23/02/2023 23/02/2023 Libro impreso